| 000 | 00442nam a2200133 a 4500 | ||
|---|---|---|---|
| 001 | 000045070 | ||
| 005 | 20201002045843.0 | ||
| 008 | 150130s1976 dr 000 0 spa d | ||
| 040 |
_aDO-SdBNP _bspa _cBNPHU |
||
| 100 | 1 |
_aAbinader, José Rafael _911652 |
|
| 245 | 1 | 0 |
_aAportaciones para la variación del Sistema Monetario Internacional. / _cJosé Rafael Abinader. |
| 260 |
_aSanto Domingo : _bEdiciones O & M, _c1976. |
||
| 300 |
_a60 p. ; _c21 cm. |
||
| 999 |
_c44559 _d44559 |
||